| 000 | 00526nam a22001697a 4500 | ||
|---|---|---|---|
| 020 | _qHard Cover. | ||
| 082 | _a005 | ||
| 100 | _aSheraz, Mohsin | ||
| 245 |
_aRepository of Electronic Forms (REFORMS) _cMohsin Sheraz |
||
| 260 |
_aIslamabad: _bSEECS - NUST, _c2013. |
||
| 300 |
_axi, 51 p. : ill. ; _c30cm. |
||
| 650 |
_aMs Thesis. _918721 |
||
| 700 |
_aDr. Amir Hayat. _919664 |
||
| 856 | _uhttp://10.250.8.41:8080/xmlui/handle/123456789/30843 | ||
| 942 |
_2ddc _cTHE |
||
| 999 |
_c528098 _d528098 |
||